Влияние вида деформации на рост зерна при рекристализации; Металловедение и термическая обработка металлов; № 8

Detalles Bibliográficos
Parent link:Металловедение и термическая обработка металлов: научно-технический и производственный журнал/ Министерство станкостроительной и инструментальной промышленности СССР.— , 1955-.— 0026-0819
№ 8.— 1979.— с. 35-37
Autor principal: Дель Г. Д.
Otros Autores: Темник И. Н., Чебаевский Б. П.
Lenguaje:ruso
Publicado: 1979
Materias:
Formato: Capítulo de libro
KOHA link:https://koha.lib.tpu.ru/cgi-bin/koha/opac-detail.pl?biblionumber=445064

MARC

LEADER 00000naa2a2200000 4500
001 445064
005 20231101082222.0
035 |a (RuTPU)RU\TPU\prd\106825 
035 |a RU\TPU\tpu\11254 
090 |a 445064 
100 |a 20110418a1979 k y0rusy50 ca 
101 0 |a rus 
102 |a RU 
200 1 |a Влияние вида деформации на рост зерна при рекристализации  |f Г. Д. Дель, И. Н. Темник, Б. П. Чебаевский 
461 1 |0 (RuTPU)RU\TPU\prd\248  |x 0026-0819  |t Металловедение и термическая обработка металлов  |o научно-технический и производственный журнал  |f Министерство станкостроительной и инструментальной промышленности СССР  |d 1955- 
463 1 |0 (RuTPU)RU\TPU\prd\106824  |t № 8  |v с. 35-37  |d 1979 
610 1 |a зерно 
610 1 |a деформация 
610 1 |a рекристализация 
610 1 |a труды учёных ТПУ 
700 1 |a Дель  |b Г. Д. 
701 1 |a Темник  |b И. Н. 
701 1 |a Чебаевский  |b Б. П. 
801 1 |a RU  |b 63413507  |c 20030829  |g PSBO 
801 2 |a RU  |b 63413507  |c 20110418  |g RCR 
942 |c BK